Instytucje unijne - Statystyki

Ogólne statystyki
  • Ten quiz został rozwiązany 29 razy
  • Średni wynik to 4 z 6
Statystyki odpowiedzi
Charakterystyka Odpowiedź Siedziba % Poprawnych
Odpowiednik jednoizbowego parlamentu, pełniąca funkcję organu ustawodawczego. Jest jedyną instytucją, w której skład wchodzą przedstawiciele państw członkowskich, wybierani bezpośrednio przez obywateli na pięcioletnią kadencję. Parlament Europejski Strasburg/Bruksela
100%
Instytucja, której zadaniem jest wyznaczanie kierunku rozwoju i polityki UE, nadzorowanie i koordynowanie polityki zagranicznej. Składa się z przywódców państw członkowskich (głowy państw lub rządu) oraz przewodniczących instytucji unijnych. Rada Europejska Bruksela
87%
Organ wykonawczy Unii, składa się z 27 komisarzy. Obecnie przewodniczącym komisji jest Ursula von der Leyen. Zajmuje się wszystkimi bieżącymi zagadnieniami dotyczącymi funkcjonowania Unii, a więc polityką rolną, gospodarczą, społeczną, obronnością i polityką międzynarodową itp. Negocjuje umowy handlowe i reprezentuje Unię w organizacjach międzynarodowych Komisja Europejska Bruksela
78%
Instytucja odpowiedzialna za emisję i ochronę siły nabywczej Euro, odpowiednik NBP w Europie. Jego głównym celem jest utrzymanie stabilności cen i kontrola inflacji. Europejski Bank Centralny Frankfurt na Menem
65%
Instytucja, mająca cechy sądu międzynarodowego, a równocześnie sądu krajowego. Jego głównym celem jest rozstrzyganie sporów prawnych, które dotyczą prawa UE oraz orzekaniem zgodności traktatów z prawem państw członkowskich. Państwa członkowskie Unii Europejskiej są zobowiązane do podporządkowywania się orzeczeniom. Zapewnia jednolitość stosowania prawa UE i jest kluczowy dla skutecznego funkcjonowania rynku wewnętrznego Unii Europejskiej. Trybunał Sprawiedliwości Unii Europejskiej Luksemburg
26%
Instytucja kontrolująca wykonanie budżetu oraz wpływy i wydatki Wspólnot Europejskich. Trybunał Obrachunkowy Luksemburg
17%
Nie znaleziono quizów pasujących do podanych kryteriów
Rozkład punktacji
Procent ludzi z każdym wynikiem
Percentyl według liczby udzielonych odpowiedzi
Twoja historia wyników
Nie rozwiązałeś tego quizu